000 00290nam a2200121 i 4500
001 bg
245 0 _aKształtowanie terenów zieleni /
_cpod red. W. Niemirskiego.
260 _aWarszawa,
_c1973.
040 _cBPK
041 _apol
942 _cKS
008 s pl f |000 0 pol
999 _c5915
_d5915
856 _uhttp://koha.tu.koszalin.pl/cgi-bin/koha/opac-detail.pl?biblionumber=5915
_yKatalog online BPK